7 Million Vote Margin Quiz Stats

 Plays Quiz Updated Nov 2, 2019

Score 0/10 Timer 02:00
10 Plays Today
% Correct
Reagan
83.9%
F. Roosevelt
75.2%
Obama
74%
Clinton
68.1%
Eisenhower
60.8%
Nixon
59.7%
G.H.W. Bush
45.3%
L. Johnson
41.4%
Coolidge
17.1%
Harding
12.3%

You're not logged in!

Compare scores with friends on all Sporcle quizzes.
OR
Log In

Sporcle TV

Today on Sporcle TV


Watch our educational content, quiz creation guides, and fun videos on Sporcle TV.

Show Comments

Extras

Top Quizzes Today


Score Distribution

Your Account Isn't Verified!

In order to create a playlist on Sporcle, you need to verify the email address you used during registration. Go to your Sporcle Settings to finish the process.

Report this User

Report this user for behavior that violates our Community Guidelines.

Details: